Jeux Olympiques 1988 - Pays participants - Statistiques

Statistiques générales
  • Ce quiz a été pris 8 fois
  • Le résultat moyen est 132 sur 170
Réponses sur la Carte
Les réponses sont colorées sur une échelle allant du rouge au vert en fonction du pourcentage des utilisateurs qui les ont devinées à leur premier essai. Vous pouvez retrouver ces pourcentages ci-dessous.
 
Statistiques - réponses
Nombre d'athlètes Pays % Correct
25 Argentine
100%
295 Australie
100%
160 Brésil
100%
328 Canada
100%
273 Chine
100%
615 Etats-Unis
100%
46 Inde
100%
255 Japon
100%
83 Mexique
100%
481 URSS
100%
46 Algérie
86%
259 Allemagne de l'Est
86%
347 Allemagne de l'Ouest
86%
29 Angola
86%
14 Arabie Saoudite
86%
73 Autriche
86%
59 Belgique
86%
10 Belize
86%
07 Bénin
86%
02 Birmanie
86%
15 Cameroun
86%
18 Chili
86%
26 Colombie
86%
401 Corée du Sud
86%
32 Côte d'Ivoire
86%
54 Egypte
86%
26 Equateur
86%
229 Espagne
86%
79 Finlande
86%
266 France
86%
03 Gabon
86%
07 Gambie
86%
18 Ghana
86%
58 Grèce
86%
30 Guatemala
86%
08 Guyana
86%
188 Hongrie
86%
31 Indonésie
86%
65 Irlande
86%
32 Islande
86%
253 Italie
86%
35 Jamaïque
86%
06 Laos
86%
08 Luxembourg
86%
06 Mali
86%
27 Maroc
86%
18 Népal
86%
69 Norvège
86%
93 Nouvelle-Zélande
86%
01 Paraguay
86%
147 Pays-Bas
86%
22 Pérou
86%
65 Portugal
86%
09 République du Congo
86%
345 Royaume-Uni
86%
22 Sénégal
86%
07 Somalie
86%
08 Soudan
86%
185 Suède
86%
99 Suisse
86%
16 Thaïlande
86%
06 Togo
86%
06 Trinité-et-Tobago
86%
41 Tunisie
86%
41 Turquie
86%
14 Uruguay
86%
18 Venezuela
86%
18 Zaïre
86%
03 Andorre
71%
16 Antigua-et-Barbuda
71%
17 Bahamas
71%
03 Bhoutan
71%
07 Bolivie
71%
08 Botswana
71%
171 Bulgarie
71%
06 Burkina Faso
71%
16 Costa Rica
71%
78 Danemark
71%
07 Djibouti
71%
08 Guinée
71%
06 Guinée équatoriale
71%
04 Haïti
71%
07 Honduras
71%
19 Israël
71%
76 Kenya
71%
06 Lesotho
71%
21 Liberia
71%
06 Libye
71%
12 Liechtenstein
71%
13 Malaisie
71%
17 Malawi
71%
09 Malte
71%
08 Maurice
71%
06 Mauritanie
71%
09 Monaco
71%
06 Mozambique
71%
08 Niger
71%
76 Nigeria
71%
25 Ouganda
71%
31 Pakistan
71%
06 Panama
71%
12 Papouasie-Nouvelle-Guinée
71%
33 Philippines
71%
143 Pologne
71%
16 République Centrafricaine
71%
16 République dominicaine
71%
68 Roumanie
71%
06 Rwanda
71%
06 Salvador
71%
15 Sierra Leone
71%
08 Singapour
71%
06 Sri Lanka
71%
06 Suriname
71%
11 Swaziland
71%
90 Taïwan
71%
10 Tanzanie
71%
06 Tchad
71%
163 Tchécoslovaquie
71%
10 Vietnam
71%
11 Yémen du Nord
71%
08 Yémen du Sud
71%
31 Zambie
71%
31 Zimbabwe
71%
05 Afghanistan
57%
11 Bahreïn
57%
06 Bangladesh
57%
17 Barbade
57%
09 Chypre
57%
12 Emirats arabes unis
57%
24 Fidji
57%
06 Grenade
57%
07 Iles Salomon
57%
31 Irak
57%
27 Iran
57%
09 Jordanie
57%
31 Koweït
57%
08 Liban
57%
07 Maldives
57%
28 Mongolie
57%
13 Oman
57%
12 Qatar
57%
11 Saint-Marin
57%
07 Saint-Vincent-et-les-Grenadines
57%
11 Samoa
57%
16 Syrie
57%
06 Tonga
57%
06 Vanuatu
57%
157 Yougoslavie
57%
Aucun quiz correspondant
Distribution des résultats
% des personnes avec chaque résultat
Percentile par nombre de réponses
Votre historique - résultats
Vous n’avez pas pris ce quiz